000 00470cam a22001457a 4500
008 180718b2002 xxu||||| |||| 00| 0 eng d
020 _a8186505598
082 _aOA56x581 W233b
245 _aBamiyan : challenge to world heritage
_cedited by K.Warikoo
260 _aNew Delhi
_bBhavana books
_c2002
300 _a313p.
650 _aBuddhist antiquities -- Afghanistan -- Bamian Region
650 _aArt, Buddhist -- Afghanistan -- Bamian Region
700 _aWarikoo, K.
999 _c444326
_d444326